Venezuela-Quiz - Statistiken

Allgemein
  • Dieses Quiz wurde 2.109 mal gespielt
  • Das Durchschnittsergebnis liegt bei 11 aus 20
Antwortstatistiken
Frage Antwort % Korrekt
Nachbarland Kolumbien
96%
Amtssprache Spanisch
96%
Nachbarland Brasilien
95%
Nachbarland Guyana
92%
Hauptstadt von Venezuela Caracas
90%
Meer, das an Venezuela grenzt Karibisches Meer
80%
Venezuela hat davon mehr erwiesene Reserven als alle anderen Länder der Welt Erdöl
76%
Angeblich benannte Americo Vespucci Venezuela nach dieser europäischen Stadt Venedig
74%
2018 erreichte diese Wirtschaftszahl 1,000,000% Inflation
70%
"Befreier" Südamerikas von der spanischen Herrschaft; Währung nach ihm benannt Simón Bolívar
55%
Frauen aus Venezuela haben davon weltweit 23 Titeln erworben {Schönheits}- wettbewerb
54%
Beliebteste Sportart Baseball
48%
Höchste Wasserfälle der Welt Salto {Ángel}
47%
Präsident von Venezuela, seit 2013 Nicolás Maduro
36%
Präsident von Venezuela, 1999–2012 Hugo Chávez
29%
Pixar-Animationsfilm, der diese Tafelberge zeigt Oben
28%
Längster Fluss / kommt im Titel eines Lieds von Enya vor Orinoco
28%
Insel in diesem Meer, die den Namen eines beliebten Cocktails trägt Isla {Margarita}
25%
Binnenmeer, das fälschlicherweise als größter See Südamerikas angenommen wird {Maracaibo}-See
18%
"T" Wort, dass die Tafelberge von Südostvenezuela bezeichnet Tepui
9%
Keine übereinstimmenden Quizze gefunden
Verteilung der Resultate
Anzahl Personen mit jedem Resultat
Perzentil nach korrekt beantworteten Fragen
Ihre Resultats-Entwicklung
Sie haben dieses Quiz noch nicht gespielt